|
|
|
|
| LEADER |
00000nam0a2200000 4500 |
| 001 |
265460 |
| 005 |
20231101233925.0 |
| 020 |
|
|
|a RU
|b 86-85634
|
| 035 |
|
|
|a (RuTPU)RU\TPU\book\288461
|
| 090 |
|
|
|a 265460
|
| 100 |
|
|
|a 20140626d1986 k y0rusy5003 ca
|
| 101 |
0 |
|
|a rus
|
| 102 |
|
|
|a RU
|
| 105 |
|
|
|a a z 001zy
|
| 200 |
1 |
|
|a Планирование производства проката черных металлов в приведенных тоннах
|f А. В. Куракин [и др.]
|
| 210 |
|
|
|a Москва
|c Металлургия
|d 1986
|
| 215 |
|
|
|a 79,[2] с.
|c ил.
|
| 300 |
|
|
|a Авт. указаны на обороте тит. л.
|
| 320 |
|
|
|a Библиогр.: с. 79-80 (51 назв.).
|
| 606 |
1 |
|
|a Прокатное производство
|x Планирование
|2 stltpush
|3 (RuTPU)RU\TPU\subj\52061
|9 70555
|
| 610 |
1 |
|
|a прокатные цехи
|
| 610 |
1 |
|
|a планирование
|
| 610 |
1 |
|
|a показатели
|
| 610 |
1 |
|
|a нормативы
|
| 610 |
1 |
|
|a трудоемкость
|
| 675 |
|
|
|a 621.771:658
|z rus
|
| 701 |
|
1 |
|a Куракин
|b А. В.
|g Анатолий Викторович
|
| 701 |
|
1 |
|a Свец
|b В. Е.
|g Владимир Евсеевич
|
| 701 |
|
1 |
|a Видяйкин
|b Ю. И.
|g Юрий Иванович
|
| 701 |
|
1 |
|a Гугняк
|b Р. Я.
|f Рудольф Яковлевич
|
| 701 |
|
1 |
|a Зелинский
|b В. Ф.
|
| 801 |
|
0 |
|a RU
|b RuMRKP
|c 19950704
|g psbo
|
| 801 |
|
1 |
|a RU
|b 63413507
|c 20140626
|
| 801 |
|
2 |
|a RU
|b 63413507
|c 20150618
|g RCR
|
| 942 |
|
|
|c BK
|